[Event "ICS rated blitz match"]
[Site "204.178.125.65"]
[Date "1999.11.08"]
[Round "?"]
[White "Hossa"]
[Black "Amateur"]
[Result "0-1"]
[WhiteElo "2470"]
[BlackElo "2495"]
[PlyCount "136"]
[EventDate "1999.??.??"]

1. c4 Nf6 2. Nf3 e6 3. e3 Nc6 4. d4 Be7 5. Nc3 O-O 6. Be2 Bb4 7. a3 Bxc3+ 8.
bxc3 b6 9. a4 Ba6 10. Ba3 Re8 11. Nd2 d5 12. Bf3 Na5 13. cxd5 Nxd5 14. Rc1 Qg5
15. h4 Qh6 16. g4 Nc4 17. g5 Qg6 18. Be4 f5 19. Bf3 Qf7 20. Nxc4 Bxc4 21. Bh5
g6 22. Bf3 f4 23. e4 Ne7 24. h5 Rad8 25. Qc2 gxh5 26. Bxh5 Ng6 27. f3 e5 28.
Qb2 c6 29. Kf2 Rd7 30. Rce1 exd4 31. cxd4 Qg7 32. Bxg6 hxg6 33. Rh6 Red8 34.
Kg1 Kf7 35. e5 Rxd4 36. Qc2 Be6 37. Qxc6 Rc8 38. Qb5 Rc2 39. Rh4 Qg8 40. Qb1
Rcd2 41. Qc1 Qd8 42. Rh7+ Kg8 43. Re7 Rd1 44. Re8+ Qxe8 45. Rxd1 Qxa4 46. Rf1
Bc4 47. Re1 Rd3 48. Bb2 Rxf3 49. Re4 b5 50. Rd4 Qb4 51. Rd8+ Kf7 52. Kg2 Qb3
53. e6+ Kxe6 54. Qe1+ Re3 55. Re8+ Kd6 56. Rd8+ Kc6 57. Qf2 Re2 58. Qxe2 Bxe2
59. Bc3 b4 60. Kf2 bxc3 61. Kxe2 c2 62. Kd2 Kc7 63. Re8 Qb2 64. Kd3 c1=Q 65.
Re7+ Kd6 66. Rd7+ Kxd7 67. Ke4 Qcc3 68. Kd5 68... Qg2# {Hossa checkmated} 0-1

[Event "ICS Rated blitz match"]
[Site "204.178.125.65"]
[Date "1999.11.08"]
[Round "?"]
[White "damian1"]
[Black "Hossa"]
[Result "1/2-1/2"]
[WhiteElo "2098"]
[BlackElo "2455"]
[PlyCount "108"]
[EventDate "1999.??.??"]

1. e4 d6 2. d4 c5 3. dxc5 Qa5+ 4. Nc3 Qxc5 5. Be3 Qa5 6. Nf3 Nf6 7. Qd2 Nc6 8.
h3 e6 9. Be2 d5 10. e5 Ne4 11. Nxe4 dxe4 12. Qxa5 Nxa5 13. Nd2 Nc6 14. Nxe4
Nxe5 15. O-O-O Bd7 16. Bf4 Ng6 17. Nd6+ Bxd6 18. Bxd6 Bc6 19. f3 O-O-O 20. Bg3
a6 21. Rxd8+ Rxd8 22. Rd1 Rxd1+ 23. Kxd1 Ne7 24. Bd3 Nf5 25. Bf2 Kc7 26. Kd2 a5
27. c4 b6 28. b3 h5 29. Kc3 f6 30. a3 g5 31. b4 g4 32. hxg4 hxg4 33. Bxf5 exf5
34. fxg4 axb4+ 35. axb4 fxg4 36. g3 Bf3 37. Be3 Be2 38. Bf4+ Kb7 39. b5 Bf3 40.
Kd4 Be2 41. Kc3 Bf3 42. Bh6 Kc7 43. Bg7 Be4 44. Bxf6 Bf3 45. Bg5 Be4 46. Bf4+
Kb7 47. Kd4 Bf3 48. c5 Be2 49. c6+ Kc8 50. Kd5 Bxb5 51. Be3 Kc7 52. Bf4+ Kc8
53. Be3 Kc7 54. Bf4+ 54... Kc8 {Game drawn by repetition} 1/2-1/2

[Event "ICS rated blitz match"]
[Site "204.178.125.65"]
[Date "1999.11.08"]
[Round "?"]
[White "damian1"]
[Black "Hossa"]
[Result "0-1"]
[WhiteElo "2147"]
[BlackElo "2447"]
[PlyCount "66"]
[EventDate "1999.??.??"]

1. e4 d6 2. d4 c5 3. Nf3 cxd4 4. Nxd4 Nc6 5. Nc3 Nxd4 6. Qxd4 Bd7 7. Bc4 Nf6 8.
Bg5 Rc8 9. O-O-O e5 10. Qd3 Be7 11. Bxf6 gxf6 12. Bb3 Bf8 13. Kb1 Rc5 14. Rhf1
b5 15. f4 b4 16. Nd5 Bb5 17. Qf3 Bxf1 18. Rxf1 Bg7 19. Nxb4 a5 20. Ba4+ Kf8 21.
Nd5 Rc4 22. Bb3 Rc6 23. Qh5 Kg8 24. Ne3 Qc7 25. Nf5 h6 26. Rf3 Rh7 27. Rg3 Qa7
28. a4 Rc7 29. Ka2 Qb6 30. fxe5 dxe5 31. Rd3 Rb7 32. Rd6 Qc7 33. Rxf6 33...
Bxf6 {damian1 resigns} 0-1

[Event "ICS Rated standard match"]
[Site "204.178.125.65"]
[Date "1999.11.08"]
[Round "?"]
[White "Vivekdc"]
[Black "Hossa"]
[Result "0-1"]
[WhiteElo "2100"]
[BlackElo "2331"]
[PlyCount "55"]
[EventDate "1999.??.??"]

1. Nf3 d6 2. d4 g6 3. c4 Bg7 4. Nc3 Nc6 5. e4 Bg4 6. Be3 e5 7. d5 Nd4 8. Be2
Nxe2 9. Qxe2 Ne7 10. h3 Bxf3 11. Qxf3 O-O 12. O-O f5 13. Bg5 Qd7 14. b4 fxe4
15. Qxe4 Nf5 16. c5 Rae8 17. c6 bxc6 18. dxc6 Qf7 19. Qd5 e4 20. Qxf7+ Rxf7 21.
Rac1 Rb8 22. Nd5 Rb5 23. Rfd1 Nd4 24. Ne7+ Kf8 25. Nc8 Rxg5 26. Nxd6 Rf4 27.
Rc4 Rd5 28. Kh1 {Vivekdc resigns} 0-1

[Event "ICS rated blitz match"]
[Site "204.178.125.65"]
[Date "1999.11.08"]
[Round "?"]
[White "Pheona"]
[Black "Hossa"]
[Result "0-1"]
[WhiteElo "2566"]
[BlackElo "2452"]
[PlyCount "122"]
[EventDate "1999.??.??"]

1. e4 d6 2. d4 c5 3. Nf3 cxd4 4. Nxd4 Nc6 5. Nc3 Nxd4 6. Qxd4 Bd7 7. Bc4 Nf6 8.
Be3 Ng4 9. O-O-O Nxe3 10. Qxe3 a6 11. e5 dxe5 12. Nd5 Rc8 13. Nb6 Rxc4 14. Nxc4
Qc7 15. Nxe5 Bf5 16. Nd3 e6 17. Qd4 f6 18. Qh4 e5 19. f3 Bd6 20. g4 Be6 21. a3
O-O 22. Rd2 Qc4 23. Nf2 Bc5 24. Nd1 Qa2 25. Rd3 Bc4 26. Qe1 Bxd3 27. cxd3 Rc8
28. Kd2 Bxa3 29. Ke3 Bxb2 30. Nxb2 Qxb2 31. Qb1 Qd4+ 32. Ke2 Rc7 33. Rc1 Rxc1
34. Qxc1 Qd7 35. Qc4+ Kh8 36. d4 exd4 37. Kd3 b5 38. Qxd4 Qf7 39. h4 Qb3+ 40.
Ke4 Qa4 41. Qxa4 bxa4 42. Kd3 h5 43. gxh5 Kh7 44. Kc3 Kh6 45. Kb4 f5 46. Kxa4
g5 47. hxg6 Kxg6 48. Ka5 Kh5 49. Kb6 Kxh4 50. Kc5 Kg3 51. Kb6 Kxf3 52. Kxa6 f4
53. Kb5 Ke4 54. Kc5 f3 55. Kd6 f2 56. Kc5 f1=Q 57. Kd6 Qc1 58. Kd7 Ke5 59. Ke8
Ke6 60. Kd8 Qc2 61. Ke8 61... Qc8# {Pheona checkmated} 0-1

[Event "ICS rated blitz match"]
[Site "204.178.125.65"]
[Date "1999.11.08"]
[Round "?"]
[White "Hossa"]
[Black "Pheona"]
[Result "0-1"]
[WhiteElo "2473"]
[BlackElo "2545"]
[PlyCount "96"]
[EventDate "1999.??.??"]

1. c4 e6 2. Nc3 d5 3. d4 Nf6 4. Nf3 Be7 5. Bg5 O-O 6. e3 Nbd7 7. Rc1 c6 8. Bd3
dxc4 9. Bxc4 Nd5 10. Bxe7 Qxe7 11. O-O Nxc3 12. Rxc3 e5 13. e4 exd4 14. Qxd4 b5
15. Bd3 c5 16. Qd5 Rb8 17. Rd1 c4 18. Bb1 Nf6 19. Qg5 h6 20. Qf4 Bb7 21. Re3
Rbd8 22. Rd2 Rxd2 23. Nxd2 Qb4 24. Re1 Qxb2 25. e5 Re8 26. Nf1 Qc3 27. Re2 Bc8
28. Re3 Nd5 29. Rxc3 Nxf4 30. Re3 Nd5 31. Re1 f6 32. Be4 Nc3 33. f4 Nxe4 34.
Rxe4 c3 35. h4 Bb7 36. Re1 b4 37. Kf2 fxe5 38. fxe5 Bd5 39. a4 b3 40. Ne3 b2
41. Nxd5 c2 42. Nc3 c1=Q 43. Rxc1 bxc1=Q 44. e6 Rxe6 45. g3 Qxc3 46. a5 Qd2+
47. Kf3 Qe2+ 48. Kf4 48... Rf6# {Hossa checkmated} 0-1

[Event "ICS rated standard match"]
[Site "204.178.125.65"]
[Date "1999.11.08"]
[Round "?"]
[White "Hossa"]
[Black "dori"]
[Result "1-0"]
[WhiteElo "2331"]
[BlackElo "2067"]
[PlyCount "49"]
[EventDate "1999.??.??"]

1. e4 c6 2. d4 d5 3. exd5 cxd5 4. c4 Nf6 5. Nc3 g6 6. Bg5 Bg7 7. Bxf6 Bxf6 8.
cxd5 O-O 9. Nf3 Bg4 10. Be2 Qb6 11. O-O Qxb2 12. Qd3 Rc8 13. Ne4 Nd7 14. Qe3
Bxf3 15. Nxf6+ exf6 16. Bxf3 Re8 17. Qf4 b6 18. Qc7 Red8 19. Rfd1 a5 20. Qd6
Kg7 21. Qe7 Qb4 22. d6 Rac8 23. Bb7 Rb8 24. Rac1 a4 25. Bd5 {dori resigns} 1-0

[Event "ICS rated blitz match"]
[Site "204.178.125.65"]
[Date "1999.11.08"]
[Round "?"]
[White "inmichess"]
[Black "Hossa"]
[Result "1-0"]
[WhiteElo "2488"]
[BlackElo "2467"]
[PlyCount "56"]
[EventDate "1999.??.??"]

1. e4 e5 2. Nf3 Nc6 3. Bb5 a6 4. Ba4 Nf6 5. Qe2 b5 6. Bb3 Bc5 7. a4 Bb7 8. d3
O-O 9. O-O b4 10. a5 d6 11. Bg5 Rb8 12. Rc1 Qe7 13. c3 Rfd8 14. Bc4 Ba7 15. Nh4
Re8 16. Nf5 Qd8 17. Qf3 bxc3 18. Nh6+ Kf8 19. bxc3 Qe7 20. Ng4 Rec8 21. Nxf6
gxf6 22. Bxf6 Re8 23. Bxe7+ Rxe7 24. Bd5 Kg7 25. Qg4+ Kh8 26. Qf5 f6 27. Qxf6+
Rg7 28. Nd2 28... Ne7 {Hossa resigns} 1-0

[Event "ICS rated blitz match"]
[Site "204.178.125.65"]
[Date "1999.11.08"]
[Round "?"]
[White "Hossa"]
[Black "inmichess"]
[Result "0-1"]
[WhiteElo "2452"]
[BlackElo "2503"]
[PlyCount "80"]
[EventDate "1999.??.??"]

1. e4 e5 2. Nf3 Nc6 3. Bb5 Nge7 4. Nc3 a6 5. Bc4 b5 6. Bb3 f6 7. O-O Na5 8. d4
d6 9. dxe5 fxe5 10. Bg5 Nxb3 11. axb3 Bg4 12. Qd3 Qc8 13. Bxe7 Bxe7 14. Nd5 Bd8
15. Nb4 O-O 16. Nc6 Bxf3 17. gxf3 Bg5 18. Qd5+ Kh8 19. Kg2 Qe8 20. b4 Qg6 21.
Rg1 Bh4+ 22. Kf1 Qh5 23. Ra3 Rxf3 24. Rxf3 Qxf3 25. Rg2 Rf8 26. Qd3 Qf4 27. Ke2
Bxf2 28. Kd1 Bh4 29. c3 Bg5 30. Kc2 Qc1+ 31. Kb3 Qa1 32. Kc2 Bc1 33. Qh3 Qxb2+
34. Kd3 Qb1+ 35. Rc2 Bg5 36. Qe3 Bxe3 37. Nxe5 dxe5 38. c4 Rf2 39. Kxe3 Qe1+
40. Re2 40... Qxe2# {Hossa checkmated} 0-1

[Event "ICS rated blitz match"]
[Site "204.178.125.65"]
[Date "1999.11.08"]
[Round "?"]
[White "inmichess"]
[Black "Hossa"]
[Result "1/2-1/2"]
[WhiteElo "2517"]
[BlackElo "2438"]
[PlyCount "93"]
[EventDate "1999.??.??"]

1. e4 e5 2. Nf3 Nc6 3. Bb5 Nge7 4. d4 Nxd4 5. Nxd4 exd4 6. Qxd4 Nc6 7. Bxc6
bxc6 8. O-O d6 9. Rd1 c5 10. Qc3 f6 11. Qf3 Be7 12. e5 Rb8 13. exf6 Bxf6 14.
Re1+ Kf7 15. Nc3 Bb7 16. Nd5 Re8 17. Bd2 Bxd5 18. Qxd5+ Kf8 19. Rxe8+ Qxe8 20.
Re1 Qf7 21. Qxf7+ Kxf7 22. b3 Re8 23. Rxe8 Kxe8 24. g4 d5 25. f4 Kd7 26. g5
Bd4+ 27. Kf1 g6 28. Ke2 Ke6 29. h4 Kf5 30. Kf3 c6 31. Ba5 Bg7 32. a3 Bf8 33. a4
Bd6 34. Bd2 a6 35. Be3 d4 36. Bd2 Bc7 37. Bc1 Bd6 38. Ba3 a5 39. Bc1 Bc7 40.
Bd2 Bd8 41. Be1 Bc7 42. Bd2 Bd8 43. Bc1 Bb6 44. Ba3 Ba7 45. Bb2 Bb6 46. Bc1 Bc7
47. Bd2 {Game drawn by mutual agreement} 1/2-1/2

[Event "ICS rated blitz match"]
[Site "204.178.125.65"]
[Date "1999.11.08"]
[Round "?"]
[White "ljb"]
[Black "Hossa"]
[Result "0-1"]
[WhiteElo "2134"]
[BlackElo "2442"]
[PlyCount "100"]
[EventDate "1999.??.??"]

1. e4 e5 2. Nf3 Nc6 3. Bb5 Nge7 4. O-O a6 5. Ba4 b5 6. Bb3 a5 7. c3 a4 8. Bc2
d5 9. exd5 Qxd5 10. Re1 Bf5 11. Bxf5 Nxf5 12. Nxe5 Nxe5 13. d4 O-O-O 14. Qc2
Nh4 15. Re4 Nef3+ 16. gxf3 Nxf3+ 17. Kf1 Nxh2+ 18. Ke2 Qh5+ 19. Kd3 Qh3+ 20.
Re3 Qf5+ 21. Kd2 Nf1+ 22. Kd1 Nxe3+ 23. Bxe3 Qh5+ 24. Kc1 Qh1+ 25. Qd1 Qxd1+
26. Kxd1 Rd6 27. Nd2 Rg6 28. Ke2 Rg2 29. Kf3 Rh2 30. Ne4 f5 31. Ng5 h6 32. Nf7
Rh7 33. Bf4 Rh4 34. Re1 g5 35. Bg3 Rxf7 36. Bxh4 gxh4 37. Rh1 Be7 38. Rh3 Rg7
39. Kf4 Bg5+ 40. Kxf5 Rf7+ 41. Ke6 Rxf2 42. d5 Rxb2 43. d6 cxd6 44. Kxd6 Rxa2
45. Kc5 Rb2 46. Rh1 Bf6 47. c4 a3 48. cxb5 a2 49. b6 Rb1 50. b7+ 50... Kxb7 {
ljb resigns} 0-1

[Event "ICS rated blitz match"]
[Site "204.178.125.65"]
[Date "1999.11.08"]
[Round "?"]
[White "Hossa"]
[Black "ljb"]
[Result "1-0"]
[WhiteElo "2447"]
[BlackElo "2129"]
[PlyCount "35"]
[EventDate "1999.??.??"]

1. e4 e6 2. d4 d5 3. Nc3 Nf6 4. Bd3 Be7 5. e5 Nfd7 6. Qg4 g6 7. Bh6 c5 8. Nf3
c4 9. Be2 f5 10. Qh3 Nf8 11. O-O Nc6 12. Bg7 Rg8 13. Bxf8 Bxf8 14. Qxh7 Rg7 15.
Qh6 Bd7 16. Nb5 Rg8 17. Qh7 Rg7 18. Nd6+ {ljb resigns} 1-0

[Event "ICS rated blitz match"]
[Site "204.178.125.65"]
[Date "1999.11.08"]
[Round "?"]
[White "MissSilicon"]
[Black "Hossa"]
[Result "1-0"]
[WhiteElo "2625"]
[BlackElo "2456"]
[PlyCount "97"]
[EventDate "1999.??.??"]

1. Nf3 d6 2. Nc3 d5 3. d4 Nf6 4. Bf4 Bg4 5. Ne5 Bh5 6. f3 e6 7. g4 Bg6 8. h4 h6
9. Nxg6 fxg6 10. Qd3 Kf7 11. e4 dxe4 12. Nxe4 Bb4+ 13. c3 Bd6 14. Qd2 Nc6 15.
Bc4 Na5 16. Nxd6+ cxd6 17. Bb5 Rc8 18. O-O Nd5 19. Rae1 Rf8 20. Bg3 Qe7 21. Qh2
Rcd8 22. h5 g5 23. Qc2 Qf6 24. Qa4 b6 25. Bd7 Nf4 26. Bxf4 Qxf4 27. Bxe6+ Kf6
28. Qc2 Qg3+ 29. Qg2 Qxg2+ 30. Kxg2 Rfe8 31. Bd5 b5 32. f4 Rxe1 33. Rxe1 gxf4
34. Re6+ Kf7 35. Rxd6+ Ke7 36. Rxd8 Kxd8 37. Kf3 Kd7 38. Kxf4 Kd6 39. Ke4 Kd7
40. b4 Nc6 41. Bxc6+ Kxc6 42. Kf5 Kd5 43. Kg6 Ke4 44. Kxg7 Kd5 45. Kxh6 Kc4 46.
g5 Kxc3 47. g6 Kxb4 48. g7 Ka4 49. d5 {Hossa resigns} 1-0

[Event "ICS rated blitz match"]
[Site "204.178.125.65"]
[Date "1999.11.08"]
[Round "?"]
[White "Hossa"]
[Black "MissSilicon"]
[Result "0-1"]
[WhiteElo "2447"]
[BlackElo "2634"]
[PlyCount "95"]
[EventDate "1999.??.??"]

1. e4 e5 2. Nf3 Nf6 3. Nxe5 d6 4. Nf3 Nxe4 5. c4 Be7 6. d4 O-O 7. Bd3 Ng5 8.
Nxg5 Bxg5 9. Bxg5 Qxg5 10. O-O Nc6 11. Be4 Bg4 12. Qd3 f5 13. Bxc6 bxc6 14. Nc3
Rab8 15. b3 f4 16. Ne4 Qg6 17. f3 Rbe8 18. Rae1 Bf5 19. d5 c5 20. Rf2 Rf7 21.
a3 Rfe7 22. Rfe2 Kf7 23. b4 cxb4 24. axb4 Kf8 25. Qd4 a6 26. Nc3 Qg5 27. Rxe7
Rxe7 28. Ne4 Qg6 29. Re2 Kf7 30. Nc3 Qf6 31. Qxf6+ Kxf6 32. Rxe7 Kxe7 33. Nd1
Kf6 34. Nb2 Ke5 35. g4 Bc2 36. Kf1 Kd4 37. Ke2 Kc3 38. g5 Kxb2 39. Kd2 Bg6 40.
c5 Kb3 41. h4 Kxb4 42. cxd6 cxd6 43. Ke2 a5 44. Kd2 a4 45. h5 Bxh5 46. Kc2 a3
47. Kb1 Bxf3 48. g6 {Hossa resigns} 0-1

[Event "ICS unrated blitz match"]
[Site "204.178.125.65"]
[Date "1999.11.08"]
[Round "?"]
[White "Moron"]
[Black "Hossa"]
[Result "1-0"]
[WhiteElo "2769"]
[BlackElo "2431"]
[PlyCount "98"]
[EventDate "1999.??.??"]

1. d4 g6 2. c4 Bg7 3. Nc3 Nc6 4. e3 Nf6 5. Nd5 d6 6. Nxf6+ exf6 7. Bd2 O-O 8.
Bd3 a5 9. Ne2 Re8 10. a3 a4 11. Bc2 Bd7 12. O-O Na5 13. Bxa5 Rxa5 14. Nc3 Qa8
15. Nd5 Qd8 16. Qd2 c6 17. Nc3 Qa8 18. Qd1 Qa6 19. Ne4 d5 20. Nc5 Rxc5 21. dxc5
Qxc4 22. Rc1 Qa2 23. Bxa4 Qxb2 24. Rb1 Qxa3 25. Rxb7 Re4 26. Bc2 Re7 27. Qd4 f5
28. Qb4 Qxb4 29. Rxb4 f6 30. Rb8+ Kf7 31. g3 h5 32. Ra1 Bh6 33. Ra6 h4 34. Ba4
d4 35. exd4 hxg3 36. hxg3 f4 37. Kh2 fxg3+ 38. Kxg3 Bd2 39. Bb3+ Kg7 40. Ra7
Be1 41. Rd8 Kh6 42. Rdxd7 Re2 43. Ba4 Kg5 44. Kf3 Rxf2+ 45. Ke3 f5 46. Bxc6 Rc2
47. Rg7 Bb4 48. Bb5 Rc3+ 49. Bd3 49... f4+ {Hossa resigns} 1-0

[Event "ICS rated blitz match"]
[Site "204.178.125.65"]
[Date "1999.11.08"]
[Round "?"]
[White "Hossa"]
[Black "PostModernist"]
[Result "0-1"]
[WhiteElo "2431"]
[BlackElo "2594"]
[PlyCount "115"]
[EventDate "1999.??.??"]

1. e4 c5 2. Nf3 d6 3. Nc3 a6 4. Bc4 e6 5. d4 cxd4 6. Nxd4 Nf6 7. O-O b5 8. Bd3
Bb7 9. Bg5 Be7 10. Qf3 O-O 11. Rad1 Nbd7 12. Rfe1 b4 13. Bxf6 Bxf6 14. Nce2 Nc5
15. Qg4 Qa5 16. b3 Rfc8 17. f3 Qb6 18. Kh1 Nd7 19. Nxe6 Ne5 20. Qh3 fxe6 21. f4
Nxd3 22. Qxe6+ Kh8 23. cxd3 Rc2 24. Ng3 Rxa2 25. Nf5 h6 26. Nxd6 Qc6 27. d4 Qc2
28. Rg1 Qc7 29. Rc1 Rc2 30. Rxc2 Qxc2 31. Nxb7 Bxd4 32. Rf1 Qd3 33. Rc1 Qe3 34.
Rd1 Qe2 35. Rb1 Qc2 36. Re1 Qf2 37. Rc1 Qxf4 38. Rc8+ Kh7 39. Qg8+ Kg6 40. Qe8+
Kg5 41. Qd8+ Kh5 42. Rc5+ Bxc5 43. Qd1+ Kg6 44. Nxc5 Rd8 45. Qb1 Qg4 46. Nd3
Qxe4 47. Nf4+ Kf5 48. Qxe4+ Kxe4 49. g3 Kf3 50. h4 Kxg3 51. Nh5+ Kg4 52. Nxg7
Rd7 53. h5 Rxg7 54. Kg2 Rf7 55. Kh2 Rf2+ 56. Kh1 Kf3 57. Kg1 Kg3 58. Kh1 {
Hossa resigns} 0-1

[Event "ICS rated blitz match"]
[Site "204.178.125.65"]
[Date "1999.11.09"]
[Round "?"]
[White "Pheona"]
[Black "Hossa"]
[Result "1-0"]
[WhiteElo "2514"]
[BlackElo "2422"]
[PlyCount "63"]
[EventDate "1999.??.??"]

1. e4 e5 2. Nf3 Nc6 3. d4 exd4 4. Nxd4 Qh4 5. Nc3 Bb4 6. Be2 Nge7 7. O-O Bxc3
8. bxc3 Qxe4 9. Nb5 Kd8 10. Re1 Re8 11. Bd3 Qh4 12. g3 Qh3 13. Bf1 Qf5 14. Bf4
d6 15. Nxc7 Qxf4 16. Nxe8 Bg4 17. Be2 Bxe2 18. Rxe2 Qg5 19. Nxd6 Kc7 20. Rb1 b6
21. Nb5+ Kc8 22. Qd6 Kb7 23. Qd7+ Ka6 24. Rxe7 Qxe7 25. Qxc6 Rb8 26. Rb3 Rc8
27. Qxc8+ Ka5 28. Ra3+ Qxa3 29. Nxa3 a6 30. Nc4+ Kb5 31. a4+ Kxa4 32. Qxa6# {
Hossa checkmated} 1-0

[Event "ICS rated standard match"]
[Site "204.178.125.65"]
[Date "1999.11.09"]
[Round "?"]
[White "Hossa"]
[Black "Saegiss"]
[Result "1-0"]
[WhiteElo "2343"]
[BlackElo "2272"]
[PlyCount "77"]
[EventDate "1999.??.??"]

1. e4 c5 2. Nf3 d6 3. d4 cxd4 4. Nxd4 Nf6 5. Nc3 Nc6 6. Bg5 e6 7. Bb5 Bd7 8.
Qd2 Be7 9. O-O-O O-O 10. Nb3 Qb6 11. Bxf6 Bxf6 12. Qxd6 Bxc3 13. Qc5 Bxb2+ 14.
Kxb2 Qc7 15. Qd6 Qb6 16. Qc5 Rfd8 17. Qxb6 axb6 18. Rd6 e5 19. Rhd1 Be6 20.
Bxc6 Rxd6 21. Rxd6 bxc6 22. Rxc6 b5 23. Rc5 Bc4 24. Rxe5 Rd8 25. Rc5 Bf1 26. g3
f6 27. Rd5 Rc8 28. Nd4 Bc4 29. Rd7 Ra8 30. a3 Ra4 31. f4 Kf8 32. e5 fxe5 33.
fxe5 Ra6 34. Rb7 Ra5 35. Rb8+ Kf7 36. e6+ Bxe6 37. Rb7+ Kf6 38. Rb6 Ra4 39.
Nxe6 {Saegiss resigns} 1-0

[Event "ICS rated blitz match"]
[Site "204.178.125.65"]
[Date "1999.11.09"]
[Round "?"]
[White "Hossa"]
[Black "ljb"]
[Result "1/2-1/2"]
[WhiteElo "2410"]
[BlackElo "2184"]
[PlyCount "26"]
[EventDate "1999.??.??"]

1. e4 e6 2. d4 d5 3. Nc3 Nf6 4. Bd3 c5 5. exd5 exd5 6. Nf3 Nc6 7. dxc5 Bxc5 8.
O-O O-O 9. Re1 h6 10. Na4 Bd6 11. Nc3 Bc5 12. Na4 Bd6 13. Nc3 13... Bc5 {
Game drawn by repetition} 1/2-1/2

[Event "ICS rated blitz match"]
[Site "204.178.125.65"]
[Date "1999.11.09"]
[Round "?"]
[White "Hossa"]
[Black "ljb"]
[Result "1-0"]
[WhiteElo "2408"]
[BlackElo "2186"]
[PlyCount "95"]
[EventDate "1999.??.??"]

1. e4 e6 2. d4 d5 3. Nc3 Bb4 4. e5 b6 5. a3 Bf8 6. Nf3 c5 7. Be3 Ba6 8. Bxa6
Nxa6 9. O-O Nc7 10. Qd3 c4 11. Qe2 Qd7 12. Ng5 h6 13. Qh5 g6 14. Qh4 Bg7 15.
Nf3 Ne7 16. Qh3 Nf5 17. Ne2 O-O-O 18. Qg4 h5 19. Qh3 Nxe3 20. fxe3 Bh6 21. Nd2
Rdg8 22. b3 b5 23. bxc4 bxc4 24. c3 g5 25. Qg3 g4 26. Qf2 h4 27. a4 Ne8 28.
Rad1 Ng7 29. e4 Bxd2 30. Rxd2 dxe4 31. Qf4 Nf5 32. Qxe4 Qb7 33. Qxb7+ Kxb7 34.
d5 Rd8 35. Rf4 Ne3 36. Rxf7+ Ka6 37. d6 Nd5 38. Nf4 Nxc3 39. Nxe6 Ne4 40. Rd4
Nc3 41. Rxc4 Ne2+ 42. Kf2 g3+ 43. Kxe2 gxh2 44. Rc6+ Ka5 45. Rxa7+ Kb4 46. Rb7+
Ka3 47. Rc1 h3 48. Ra1# {ljb checkmated} 1-0

[Event "ICS rated blitz match"]
[Site "204.178.125.65"]
[Date "1999.11.09"]
[Round "?"]
[White "Bongo"]
[Black "Hossa"]
[Result "1/2-1/2"]
[WhiteElo "2211"]
[BlackElo "2415"]
[PlyCount "46"]
[EventDate "1999.??.??"]

1. e4 e5 2. Nf3 Nc6 3. Bb5 a6 4. Ba4 Nf6 5. O-O Nxe4 6. d4 b5 7. Bb3 d5 8. dxe5
Be6 9. c3 Bc5 10. Nbd2 O-O 11. Bc2 f5 12. Nb3 Bb6 13. Nfd4 Bd7 14. f3 Nxe5 15.
fxe4 fxe4 16. Bf4 Nc4 17. Qh5 Be8 18. Qg4 Nxb2 19. Be5 Bg6 20. Qe6+ Bf7 21. Qg4
Bg6 22. Qe6+ Bf7 23. Qg4 23... Bg6 {Game drawn by repetition} 1/2-1/2

[Event "ICS rated blitz match"]
[Site "204.178.125.65"]
[Date "1999.11.09"]
[Round "?"]
[White "Hossa"]
[Black "Bongo"]
[Result "1-0"]
[WhiteElo "2408"]
[BlackElo "2221"]
[PlyCount "133"]
[EventDate "1999.??.??"]

1. e4 c5 2. Nf3 d6 3. d4 cxd4 4. Nxd4 Nf6 5. Nc3 a6 6. Bg5 e6 7. f4 b5 8. e5
dxe5 9. fxe5 Qc7 10. Qe2 Nfd7 11. O-O-O Bb7 12. Re1 Bb4 13. Bd2 Nc6 14. Nxc6
Qxc6 15. Qg4 Bxc3 16. Bxc3 O-O 17. Re3 Rac8 18. Rg3 g6 19. Qh4 Nxe5 20. Rh3 h5
21. Qf6 b4 22. Qxe5 bxc3 23. Qxc3 Qxc3 24. Rxc3 Rxc3 25. bxc3 Rc8 26. c4 Rc5
27. Kb2 e5 28. Rg1 f5 29. Be2 Kg7 30. Kc3 a5 31. g3 Kf6 32. Rb1 Bc6 33. Rb6 Kg5
34. h4+ Kf6 35. Bf3 e4 36. Bxe4 fxe4 37. Kd4 Re5 38. Rxc6+ Kf5 39. Rb6 g5 40.
hxg5 e3 41. Rb1 Re6 42. Re1 Kxg5 43. Rxe3 Rd6+ 44. Kc5 Rd2 45. Rc3 Rg2 46. Kb5
Kg4 47. c5 Rxg3 48. Rxg3+ Kxg3 49. c6 h4 50. c7 h3 51. c8=Q h2 52. Qc7+ Kf2 53.
Qxh2+ Kf3 54. Qf4+ Kxf4 55. a4 Ke3 56. Kxa5 Kd4 57. Kb6 Kc3 58. a5 Kxc2 59. a6
Kc3 60. a7 Kd3 61. a8=Q Kc3 62. Qd5 Kc2 63. Kc5 Kc3 64. Qd1 Kb2 65. Kb4 Ka2 66.
Kc3 Ka3 67. Qa1# {Bongo checkmated} 1-0

[Event "ICS rated blitz match"]
[Site "204.178.125.65"]
[Date "1999.11.09"]
[Round "?"]
[White "Bongo"]
[Black "Hossa"]
[Result "1/2-1/2"]
[WhiteElo "2209"]
[BlackElo "2415"]
[Annotator "Hiarcs 7.32 (22s)"]
[PlyCount "44"]
[EventDate "1999.??.??"]

1. e4 1... e5 {Opening = C82 - 9.c3 ---} 2. Nf3 Nc6 3. Bb5 a6 4. Ba4 Nf6 5. O-O
Nxe4 6. d4 b5 7. Bb3 d5 8. dxe5 Be6 9. c3 Bc5 10. Nbd2 O-O 11. Bc2 f5 12. Nb3
12... Bb6 $146 (12... Ba7 13. Nfd4 (13. Nbd4 Nxd4 14. Nxd4 Qh4 15. f3 Ng5 16.
g3 Qh5 17. Kh1 Bc8 18. Bxg5 Qxg5 19. Nxb5 Bb7 20. Nxc7 f4 21. gxf4 Qxf4 22. Qd3
g6 23. Nxa8 Bxa8 24. Rae1 Rf5 25. e6 Bb8 26. Re2 Re5 27. Qd2 Qxd2 28. Rxd2 Rxe6
29. Bb3 Rb6 30. Rff2 Rd6 31. Rfe2 Kg7 32. Rd4 Kf6 33. Rf4+ Kg5 34. Rf8 d4 35.
Re5+ Kh6 36. Rxb8 Bxf3+ 37. Kg1 d3 38. Rf8 {
1-0 Bennedik,M-Krausse,E/Kassel op 1994/GER 08 (38)}) 13... Nxd4 14. cxd4 f4
15. f3 Ng3 16. Re1 Qh4 17. Nc5 Bxc5 18. dxc5 Nf5 19. Bb3 Rad8 20. Qd2 Ne3 21.
Qf2 {1/2-1/2 Carstens,A-Seifried,W/OLWuert 1990/GER 01 (21)}) (12... Be7 13.
Nfd4 Nxd4 14. cxd4 c5 15. dxc5 Nxc5 16. Nd4 Qd7 17. Be3 f4 18. Nxe6 Qxe6 19.
Bxc5 Bxc5 20. Qd3 g6 21. Bb3 Rad8 22. Rfd1 Qxe5 23. Qxd5+ Rxd5 24. Rxd5 Qxd5
25. Bxd5+ {1/2-1/2 Ingmann,V-Schubert,D/OLNO 1992/BIG 90 (25)}) 13. Nfd4 Bd7
14. f3 Nxe5 15. fxe4 fxe4 16. Bf4 Nc4 17. Qh5 $11 (17. Rb1 $5 $14 {
ist zu erwaegen}) 17... Be8 $14 (17... Rf5 $1 {ist bedenkenswert} 18. Qe2 18...
Rf8 $11) 18. Qg4 (18. Qe2 Bd7 19. Nd2 Nxb2 20. Nxe4 20... Re8 $15) 18... Nxb2
19. Be5 {Mit der Mattdrohung Qxg7} 19... Bg6 20. Qe6+ Bf7 21. Qg4 {
Droht Matt: Qxg7} 21... Bg6 22. Qe6+ Bf7 1/2-1/2

[Event "ICS rated blitz match"]
[Site "204.178.125.65"]
[Date "1999.11.09"]
[Round "?"]
[White "Hossa"]
[Black "Bongo"]
[Result "1-0"]
[WhiteElo "2407"]
[BlackElo "2218"]
[PlyCount "69"]
[EventDate "1999.??.??"]

1. e4 c5 2. Nf3 d6 3. d4 cxd4 4. Nxd4 Nf6 5. Nc3 a6 6. Bg5 e6 7. f4 b5 8. e5
dxe5 9. fxe5 Qc7 10. Qe2 Nfd7 11. O-O-O Bb7 12. Re1 Bb4 13. Bd2 Nc6 14. Nxc6
Qxc6 15. Qg4 Bxc3 16. Bxc3 O-O 17. Re3 Rac8 18. Rg3 g6 19. Rh3 Nxe5 20. Qh4 h5
21. Qf6 b4 22. Qxe5 bxc3 23. Qxc3 Qxc3 24. Rxc3 Rxc3 25. bxc3 Rc8 26. c4 Kg7
27. h4 Kf6 28. Rh3 e5 29. Rb3 Rc7 30. Kd2 Kf5 31. g3 e4 32. Bh3+ Ke5 33. Bf1 f5
34. Rb6 Bc6 35. Rxa6 {Bongo resigns} 1-0